| 000 | 00756cam a2200277 a 4500 | ||
|---|---|---|---|
| 001 | 16985117 | ||
| 005 | 20180201082736.0 | ||
| 008 | 110930s2008 nyua b 001 0 eng | ||
| 010 | _a 2011290250 | ||
| 020 | _a9781429205894 (pbk.) | ||
| 020 | _a142920589X (pbk.) | ||
| 020 | _a9781429205887 (hrd.) | ||
| 020 | _a1429205881 (hrd.) | ||
| 040 |
_aDLC _cDLC _dDLC |
||
| 041 | _aeng | ||
| 042 | _apcc | ||
| 080 | _a150 dav | ||
| 082 | 0 | 0 |
_a150 dav _223 |
| 100 | 1 | _a50 | |
| 101 | _apsi | ||
| 245 | 1 | 0 |
_aExploring psychology / _cDavid G. Myers. |
| 504 | _aIncludes bibliographical references and indexes. | ||
| 906 |
_a7 _bcbc _corigcop _d3 _encip _f20 _gy-gencatlg |
||
| 942 |
_2ddc _cBK |
||
| 999 |
_c41542 _d41542 |
||